Score 0/17 Timer 01:30
0 Plays Today
Hint Answer % Correct
Sombrero, for exampleHAT
96.7%
Horse's feedHAY
94.2%
Big mouseRAT
94.1%
Fifth monthMAY
92%
Decay ROT
91.4%
Informal greetingHEY
91.2%
Old clothRAG
90.7%
Higher temperatureHOT
89.9%
San Francisco ___ AreaBAY
89.5%
Hint Answer % Correct
Zig's partnerZAG
88.7%
Simple houseHUT
87.7%
'___ humbug'BAH
85%
⚒ Editor's catchphrase, with 2nd theme ⚒⚒ ZAH ⚒
72.6%
⚒ Miscellaneous editor, with first rung ⚒⚒ MAN ⚒
42.4%
⚒ Editor's catchphrase, with 3rd theme ⚒⚒ HUZ ⚒
39.3%
Spanish 'sickle'HOZ
38.3%
⚒ Miscellaneous editor, with last rung ⚒⚒ HEJ ⚒
32.2%
Remove Ads.
Support Sporcle.
Get the best of Sporcle when you Go Orange. This ad-free experience offers more features, more stats, and more fun while also helping to support Sporcle. Thank you for becoming a member.

You're not logged in!

Compare scores with friends on all Sporcle quizzes.
OR
Log In

Show Comments

Extras

Top Quizzes Today


Score Distribution

Your Account Isn't Verified!

In order to create a playlist on Sporcle, you need to verify the email address you used during registration. Go to your Sporcle Settings to finish the process.

Report this User

Report this user for behavior that violates our Community Guidelines.

Details: